Democracy the unfinished journey: 508 BC to AD 1993

Salvato in:
Dettagli Bibliografici
Autore principale: Dunn, John (Autore)
Natura: Libro
Lingua:inglese
Pubblicazione: Nueva York Oxford University 1992
Soggetti:
Tags: Aggiungi Tag
Nessun Tag, puoi essere il primo ad aggiungerne!!

MARC

LEADER 00000nam a2200000 a 4500
001 UCZ8383
003 CL-VaPUC
008 960119e19920000US |||||||||||||||||eng|d
082 0 4 |a 321.8  |b DUN  |2 21 
100 0 |a Dunn, John  |e author  |9 353663 
245 1 0 |a Democracy the unfinished journey: 508 BC to AD 1993 
300 |a 290 p 
942 |c BK 
945 |d 19960119 00:00:00  |a mcarcey 
260 |a Nueva York  |b Oxford University  |c 1992 
650 0 |a Democracia  |9 255256 
650 0 |a Historia  |9 255047 
650 7 |a SISTEMAS POLITICOS  |2 CL-VaPUC  |9 353664 
583 |a last modification  |c 19960119 00:00:00  |k Rodrigo Vera 
999 |c 244304  |d 244302 
952 |0 0  |1 0  |4 0  |6 321_800000000000000_DUN_1992  |7 0  |8 A  |9 258312  |a BIBHIS  |b BIBHIS  |d 2019-11-19  |i 3171965  |o 321.8 DUN 1992  |p 3171965  |r 2025-01-20  |w 2019-11-19  |y BK  |k HIS